LIBRARY & INFORMATION CENTRE, KCAET, TAVANUR

ONLINE PUBLIC ACCESS CATALOGUE (OPAC)

Vishapambukal | വിഷപ്പാമ്പുകൾ (Record no. 17627)

MARC details
000 -LEADER
fixed length control field 00393nam a22001577a 4500
003 - CONTROL NUMBER IDENTIFIER
control field OSt
008 - FIXED-LENGTH DATA ELEMENTS--GENERAL INFORMATION
fixed length control field 230221b |||||||| |||| 00| 0 eng d
041 ## - LANGUAGE CODE
Language code of text/sound track or separate title mal
082 ## - DEWEY DECIMAL CLASSIFICATION NUMBER
Classification number 894.812 3
Item number HAD/VI
100 ## - MAIN ENTRY--AUTHOR NAME
Personal name Hadley chaze, James
245 ## - TITLE STATEMENT
Title Vishapambukal
Remainder of title വിഷപ്പാമ്പുകൾ
250 ## - EDITION STATEMENT
Edition statement 1st
260 ## - PUBLICATION, DISTRIBUTION, ETC. (IMPRINT)
Place of publication Kottayam
Name of publisher Don books
Year of publication 2021
300 ## - PHYSICAL DESCRIPTION
Number of Pages 239
942 ## - ADDED ENTRY ELEMENTS (KOHA)
Koha item type Books
Holdings
Withdrawn status Lost status Damaged status Home library Current library Date acquired Full call number Accession Number Koha item type
      KAUAET KAUAET 21/02/2023 894.812 3 HAD/VI 26090 Books
free website counter